[Event "DVM U20 2021"]
[Site "Kiel GER"]
[Date "2022.07.24"]
[Round "3"]
[White "Bartelt, Max Peter"]
[Black "Koholka, Jan"]
[Result "1/2-1/2"]
[Termination "normal"]
[Board "2.5"]
[WhiteElo "1915"]
[BlackElo "1602"]
[WhiteClock "00:13:52"]
[BlackClock "00:03:34"]
[WhiteTeam "Schachfreunde Brackel 1930 e. V."]
[BlackTeam "SK Langen"]
[PlyCount "134"]
[WhiteFideId "12967289"]
[BlackFideId "34611584"]
[EventCountry "GER"]
[EventRounds "7"]
[EventType "team-swiss"]
[EventDate "2022.07.22"]

1. d4 {[%clk 01:30:57]} {[%emt 00:00:03]} d5 {[%clk 01:30:35]} {[%emt
00:00:26]} 2. Bg5 {[%clk 01:31:18]} {[%emt 00:00:07]} Nf6 {[%clk 01:30:16]}
{[%emt 00:00:49]} 3. Bxf6 {[%clk 01:31:42]} {[%emt 00:00:05]} exf6 {[%clk
01:30:18]} {[%emt 00:00:29]} 4. e3 {[%clk 01:31:22]} {[%emt 00:00:50]} Bd6
{[%clk 01:29:52]} {[%emt 00:00:56]} 5. g3 {[%clk 01:31:22]} {[%emt 00:00:29]}
O-O {[%clk 01:27:39]} {[%emt 00:02:44]} 6. Bg2 {[%clk 01:31:38]} {[%emt
00:00:14]} c6 {[%clk 01:25:32]} {[%emt 00:02:37]} 7. Ne2 {[%clk 01:31:50]}
{[%emt 00:00:18]} Nd7 {[%clk 01:23:19]} {[%emt 00:02:43]} 8. O-O {[%clk
01:30:51]} {[%emt 00:01:29]} f5 {[%clk 01:20:42]} {[%emt 00:03:08]} 9. b3
{[%clk 01:28:39]} {[%emt 00:02:42]} Nf6 {[%clk 01:16:07]} {[%emt 00:05:06]} 10.
c4 {[%clk 01:27:54]} {[%emt 00:01:14]} Be6 {[%clk 01:12:36]} {[%emt 00:04:01]}
11. Qd3 {[%clk 01:28:04]} {[%emt 00:00:19]} g6 {[%clk 01:08:46]} {[%emt
00:04:20]} 12. Nbc3 {[%clk 01:24:33]} {[%emt 00:04:01]} Rc8 {[%clk 01:02:37]}
{[%emt 00:06:41]} 13. Nf4 {[%clk 01:23:03]} {[%emt 00:01:59]} Bb8 {[%clk
00:56:07]} {[%emt 00:07:00]} 14. Rac1 {[%clk 01:11:47]} {[%emt 00:12:10]} Qd7
{[%clk 00:47:41]} {[%emt 00:09:02]} 15. Rc2 {[%clk 01:11:17]} {[%emt 00:00:29]}
g5 {[%clk 00:42:55]} {[%emt 00:05:32]} 16. cxd5 {[%clk 01:04:04]} {[%emt
00:07:33]} cxd5 {[%clk 00:38:23]} {[%emt 00:04:57]} 17. Nfe2 {[%clk 00:59:46]}
{[%emt 00:04:47]} Kg7 {[%clk 00:33:04]} {[%emt 00:05:55]} 18. Rfc1 {[%clk
00:55:05]} {[%emt 00:05:13]} Rh8 {[%clk 00:29:44]} {[%emt 00:03:47]} 19. Na4
{[%clk 00:47:29]} {[%emt 00:08:05]} b6 {[%clk 00:26:32]} {[%emt 00:03:43]} 20.
Nec3 {[%clk 00:38:54]} {[%emt 00:09:08]} h5 {[%clk 00:23:50]} {[%emt 00:03:20]}
21. Qb5 {[%clk 00:36:10]} {[%emt 00:03:00]} Qxb5 {[%clk 00:19:49]} {[%emt
00:04:41]} 22. Nxb5 {[%clk 00:36:33]} Rxc2 {[%clk 00:18:54]} {[%emt 00:01:27]}
23. Rxc2 {[%clk 00:36:57]} Rc8 {[%clk 00:18:46]} {[%emt 00:01:03]} 24. Rxc8
{[%clk 00:34:45]} {[%emt 00:02:16]} Bxc8 {[%clk 00:19:07]} {[%emt 00:00:49]}
25. Nac3 {[%clk 00:32:01]} {[%emt 00:02:39]} Be6 {[%clk 00:17:07]} {[%emt
00:02:28]} 26. Kf1 {[%clk 00:26:36]} {[%emt 00:06:03]} Kf8 {[%clk 00:13:50]}
{[%emt 00:03:40]} 27. Na3 {[%clk 00:22:36]} {[%emt 00:04:28]} Ke7 {[%clk
00:12:25]} {[%emt 00:02:56]} 28. Nc2 {[%clk 00:20:58]} {[%emt 00:01:33]} a5
{[%clk 00:12:12]} {[%emt 00:00:22]} 29. Na3 {[%clk 00:17:33]} {[%emt 00:04:44]}
Kd7 {[%clk 00:11:37]} {[%emt 00:00:15]} 30. Na4 {[%clk 00:17:03]} {[%emt
00:01:08]} Kc7 {[%clk 00:10:01]} {[%emt 00:02:06]} 31. Nb5+ {[%clk 00:14:54]}
{[%emt 00:02:27]} Kc6 {[%clk 00:09:50]} {[%emt 00:01:29]} 32. Na3 {[%clk
00:15:01]} Kc7 {[%clk 00:09:28]} {[%emt 00:00:42]} 33. Ke1 {[%clk 00:13:50]}
{[%emt 00:01:56]} Ng4 {[%clk 00:08:31]} {[%emt 00:01:45]} 34. h3 {[%clk
00:13:10]} {[%emt 00:00:23]} Nf6 {[%clk 00:08:52]} {[%emt 00:00:04]} 35. Nb2
{[%clk 00:10:33]} {[%emt 00:03:09]} Ne4 {[%clk 00:07:05]} {[%emt 00:02:21]} 36.
Nb5+ {[%clk 00:09:15]} {[%emt 00:02:05]} Kc6 {[%clk 00:05:26]} {[%emt
00:01:59]} 37. a4 {[%clk 00:09:40]} f4 {[%clk 00:03:50]} {[%emt 00:02:07]} 38.
gxf4 {[%clk 00:09:52]} {[%emt 00:00:10]} gxf4 {[%clk 00:04:06]} {[%emt
00:00:20]} 39. Nd3 {[%clk 00:05:32]} {[%emt 00:05:04]} fxe3 {[%clk 00:03:36]}
{[%emt 00:00:42]} 40. fxe3 {[%clk 00:05:56]} {[%emt 00:00:37]} f6 {[%clk
00:01:30]} {[%emt 00:02:10]} 41. b4 {[%clk 00:02:58]} {[%emt 00:03:23]} Bg3+
{[%clk 00:27:20]} {[%emt 00:05:04]} 42. Ke2 {[%clk 00:33:15]} Ng5 {[%clk
00:27:06]} {[%emt 00:00:32]} 43. bxa5 {[%clk 00:33:33]} {[%emt 00:00:12]} bxa5
{[%clk 00:26:57]} {[%emt 00:01:04]} 44. Nc3 {[%clk 00:30:00]} {[%emt 00:03:54]}
Kd6 {[%clk 00:16:23]} {[%emt 00:10:49]} 45. Nc5 {[%clk 00:29:04]} {[%emt
00:01:24]} Bxh3 {[%clk 00:11:53]} {[%emt 00:05:50]} 46. Bxd5 {[%clk 00:21:45]}
{[%emt 00:07:05]} Bg4+ {[%clk 00:11:17]} {[%emt 00:01:02]} 47. Kd3 {[%clk
00:20:39]} {[%emt 00:01:44]} Kc7 {[%clk 00:08:51]} {[%emt 00:02:55]} 48. Bh1
{[%clk 00:19:47]} {[%emt 00:01:21]} h4 {[%clk 00:07:20]} {[%emt 00:02:53]} 49.
Nd5+ {[%clk 00:20:12]} Kc8 {[%clk 00:06:37]} {[%emt 00:00:29]} 50. Nxf6 {[%clk
00:20:27]} {[%emt 00:00:04]} Bd1 {[%clk 00:02:38]} {[%emt 00:04:38]} 51. Kd2
{[%clk 00:20:05]} {[%emt 00:00:43]} Bf3 {[%clk 00:01:21]} {[%emt 00:01:49]} 52.
Bxf3 {[%clk 00:20:31]} {[%emt 00:00:22]} Nxf3+ {[%clk 00:01:42]} 53. Ke2 {[%clk
00:20:52]} Ng5 {[%clk 00:01:27]} {[%emt 00:00:55]} 54. Nce4 {[%clk 00:20:58]}
{[%emt 00:00:43]} Nxe4 {[%clk 00:01:17]} {[%emt 00:00:40]} 55. Nxe4 {[%clk
00:21:22]} Bc7 {[%clk 00:01:24]} 56. Ng5 {[%clk 00:20:31]} {[%emt 00:01:26]}
Kd7 {[%clk 00:01:12]} {[%emt 00:00:52]} 57. Kf3 {[%clk 00:20:48]} Bd8 {[%clk
00:01:18]} {[%emt 00:00:21]} 58. Nf7 {[%clk 00:20:08]} {[%emt 00:01:23]} Bf6
{[%clk 00:01:17]} {[%emt 00:00:25]} 59. Kg4 {[%clk 00:19:25]} {[%emt 00:01:09]}
Ke6 {[%clk 00:01:16]} {[%emt 00:00:31]} 60. Nh6 {[%clk 00:19:14]} {[%emt
00:00:49]} Kd5 {[%clk 00:01:24]} {[%emt 00:00:14]} 61. Nf5 {[%clk 00:16:53]}
{[%emt 00:02:47]} Ke4 {[%clk 00:01:41]} {[%emt 00:00:15]} 62. Nxh4 {[%clk
00:14:09]} {[%emt 00:03:12]} Bxd4 {[%clk 00:01:57]} {[%emt 00:00:29]} 63. exd4
{[%clk 00:14:23]} Kxd4 {[%clk 00:02:21]} {[%emt 00:00:14]} 64. Ng2 {[%clk
00:12:40]} {[%emt 00:02:06]} Kc4 {[%clk 00:02:34]} {[%emt 00:00:24]} 65. Ne3+
{[%clk 00:13:05]} Kb4 {[%clk 00:02:51]} {[%emt 00:00:13]} 66. Kf4 {[%clk
00:13:26]} {[%emt 00:00:14]} Kxa4 {[%clk 00:03:14]} {[%emt 00:00:19]} 67. Nc4
{[%clk 00:13:52]} Kb5 {[%clk 00:03:34]} 1/2-1/2

[Event "DVM U20 2021"]
[Site "Kiel GER"]
[Date "2022.07.24"]
[Round "3"]
[White "Riegel, Simon"]
[Black "Seref, Erdogan"]
[Result "0-1"]
[Termination "normal"]
[Board "2.6"]
[WhiteElo "1285"]
[BlackElo "1992"]
[WhiteClock "00:49:49"]
[BlackClock "00:27:49"]
[WhiteTeam "SK Langen"]
[BlackTeam "Schachfreunde Brackel 1930 e. V."]
[PlyCount "98"]
[WhiteFideId "34628410"]
[BlackFideId "16206827"]
[EventCountry "GER"]
[EventRounds "7"]
[EventType "team-swiss"]
[EventDate "2022.07.22"]

1. e4 {[%clk 01:30:59]} {[%emt 00:00:01]} e5 {[%clk 01:29:03]} {[%emt
00:01:57]} 2. Nc3 {[%clk 01:31:21]} {[%emt 00:00:08]} Nf6 {[%clk 01:29:05]}
{[%emt 00:00:28]} 3. f4 {[%clk 01:31:37]} {[%emt 00:00:15]} d5 {[%clk
01:29:08]} {[%emt 00:00:26]} 4. d3 {[%clk 01:28:27]} {[%emt 00:03:40]} d4
{[%clk 01:07:53]} {[%emt 00:21:45]} 5. fxe5 {[%clk 01:26:04]} {[%emt 00:02:53]}
Ng4 {[%clk 01:05:08]} {[%emt 00:03:14]} 6. Nd5 {[%clk 01:21:32]} {[%emt
00:05:02]} c6 {[%clk 01:03:14]} {[%emt 00:02:25]} 7. Nf4 {[%clk 01:21:54]}
{[%emt 00:00:09]} Bb4+ {[%clk 00:58:19]} {[%emt 00:05:23]} 8. Bd2 {[%clk
01:15:05]} {[%emt 00:07:19]} Bxd2+ {[%clk 00:55:11]} {[%emt 00:03:38]} 9. Qxd2
{[%clk 01:08:10]} {[%emt 00:07:28]} c5 {[%clk 00:52:52]} {[%emt 00:02:49]} 10.
g3 {[%clk 01:00:46]} {[%emt 00:07:59]} Nc6 {[%emt 00:09:46]} 11. Nf3 {[%clk
00:57:55]} Ngxe5 {[%clk 00:46:35]} {[%emt 00:00:45]} 12. Nxe5 {[%clk 00:57:38]}
{[%emt 00:01:21]} Nxe5 {[%clk 00:46:42]} 13. O-O-O {[%clk 00:57:07]} {[%emt
00:00:53]} Bg4 {[%clk 00:41:12]} {[%emt 00:06:01]} 14. Ne2 {[%clk 00:55:06]}
{[%emt 00:02:30]} Nf3 {[%clk 00:34:50]} {[%emt 00:06:54]} 15. Qf4 {[%clk
00:55:22]} {[%emt 00:00:10]} Qg5 {[%clk 00:34:52]} {[%emt 00:00:31]} 16. h3
{[%clk 00:53:40]} {[%emt 00:02:15]} Bd7 {[%clk 00:23:52]} {[%emt 00:11:41]} 17.
Qxg5 {[%clk 00:48:29]} {[%emt 00:05:24]} Nxg5 {[%clk 00:24:10]} {[%emt
00:00:16]} 18. Bg2 {[%clk 00:47:45]} {[%emt 00:01:20]} f6 {[%clk 00:20:58]}
{[%emt 00:03:46]} 19. h4 {[%clk 00:47:15]} {[%emt 00:01:12]} Nf7 {[%clk
00:21:13]} 20. Bh3 {[%clk 00:47:21]} {[%emt 00:00:27]} O-O-O {[%clk 00:17:56]}
{[%emt 00:04:25]} 21. Bxd7+ {[%clk 00:46:58]} Rxd7 {[%clk 00:18:14]} {[%emt
00:00:22]} 22. Nf4 {[%clk 00:47:13]} {[%emt 00:00:11]} Ne5 {[%clk 00:18:08]}
{[%emt 00:00:51]} 23. Nd5 {[%clk 00:46:30]} {[%emt 00:00:57]} Kb8 {[%clk
00:17:53]} {[%emt 00:01:00]} 24. Rdf1 {[%clk 00:44:16]} {[%emt 00:02:28]} Rc8
{[%clk 00:17:49]} {[%emt 00:00:49]} 25. h5 {[%clk 00:43:15]} {[%emt 00:01:24]}
h6 {[%clk 00:16:59]} {[%emt 00:01:07]} 26. Rf5 {[%clk 00:39:50]} {[%emt
00:04:01]} b5 {[%clk 00:16:27]} {[%emt 00:01:08]} 27. Kd2 {[%clk 00:35:04]}
{[%emt 00:05:05]} Kb7 {[%clk 00:15:28]} {[%emt 00:01:33]} 28. Rc1 {[%clk
00:34:16]} {[%emt 00:01:14]} Rc6 {[%clk 00:12:31]} {[%emt 00:03:26]} 29. c4
{[%clk 00:34:08]} {[%emt 00:00:37]} bxc4 {[%clk 00:11:38]} {[%emt 00:01:32]}
30. dxc4 {[%clk 00:34:18]} {[%emt 00:00:16]} Ra6 {[%clk 00:10:39]} {[%emt
00:01:34]} 31. a3 {[%clk 00:34:32]} {[%emt 00:00:15]} Ra4 {[%clk 00:09:50]}
{[%emt 00:01:26]} 32. b4 {[%clk 00:34:27]} {[%emt 00:00:24]} Rxa3 {[%clk
00:08:53]} {[%emt 00:01:57]} 33. bxc5 {[%clk 00:34:28]} Kc6 {[%clk 00:07:34]}
{[%emt 00:02:02]} 34. Nf4 {[%clk 00:25:01]} {[%emt 00:09:42]} Kxc5 {[%clk
00:05:12]} {[%emt 00:02:55]} 35. Rxe5+ {[%clk 00:25:19]} {[%emt 00:00:20]} fxe5
{[%clk 00:05:17]} {[%emt 00:01:06]} 36. Nd3+ {[%clk 00:25:40]} Kd6 {[%clk
00:05:15]} 37. c5+ {[%clk 00:25:52]} {[%emt 00:00:06]} Ke6 {[%clk 00:05:35]}
{[%emt 00:00:10]} 38. c6 {[%clk 00:25:41]} {[%emt 00:00:45]} Rc7 {[%clk
00:05:05]} {[%emt 00:00:57]} 39. Rc5 {[%clk 00:25:19]} {[%emt 00:00:52]} Kd6
{[%clk 00:00:46]} {[%emt 00:04:58]} 40. Rd5+ {[%clk 00:23:17]} {[%emt
00:02:56]} Kxc6 {[%clk 00:00:39]} {[%emt 00:00:04]} 41. Nxe5+ {[%clk 00:23:30]}
{[%emt 00:00:24]} Kb7 {[%clk 00:28:51]} {[%emt 00:02:15]} 42. Nd3 {[%emt
00:04:10]} Rcc3 {[%clk 00:26:54]} 43. Rxd4 {[%clk 00:50:20]} {[%emt 00:02:44]}
Rxd3+ {[%clk 00:26:28]} {[%emt 00:00:43]} 44. Rxd3 {[%clk 00:50:40]} Rxd3+
{[%clk 00:26:53]} {[%emt 00:00:18]} 45. Kxd3 {[%clk 00:51:05]} Kc6 {[%clk
00:27:17]} 46. Ke3 {[%clk 00:50:04]} {[%emt 00:01:48]} Kd6 {[%clk 00:27:31]}
47. Kf4 {[%clk 00:49:52]} {[%emt 00:00:45]} Ke6 {[%clk 00:27:35]} {[%emt
00:00:49]} 48. g4 {[%clk 00:49:55]} a5 {[%clk 00:27:34]} {[%emt 00:00:29]} 49.
g5 {[%clk 00:49:49]} {[%emt 00:00:44]} a4 {[%clk 00:27:49]} {[%emt 00:00:11]}
0-1

[Event "DVM U20 2021"]
[Site "Kiel GER"]
[Date "2022.07.24"]
[Round "3"]
[White "Stelmaszyk, Nico"]
[Black "Engel, Luis"]
[Result "0-1"]
[Termination "normal"]
[Board "3.1"]
[WhiteTitle "FM"]
[BlackTitle "GM"]
[WhiteElo "2287"]
[BlackElo "2558"]
[WhiteClock "00:03:07"]
[BlackClock "00:02:59"]
[WhiteTeam "SK Lehrte von 1919 e. V."]
[BlackTeam "Hamburger SK von 1830 eV"]
[PlyCount "82"]
[WhiteFideId "16200462"]
[BlackFideId "12961523"]
[EventCountry "GER"]
[EventRounds "7"]
[EventType "team-swiss"]
[EventDate "2022.07.22"]

1. e4 {[%clk 01:30:58]} {[%emt 00:00:01]} e5 {[%clk 01:30:56]} {[%emt
00:00:04]} 2. Nf3 {[%clk 01:31:18]} {[%emt 00:00:10]} d6 {[%clk 01:31:21]}
{[%emt 00:00:05]} 3. d4 {[%clk 01:27:38]} {[%emt 00:04:10]} exd4 {[%clk
01:30:55]} {[%emt 00:00:57]} 4. Nxd4 {[%clk 01:27:50]} {[%emt 00:00:17]} Nf6
{[%clk 01:31:20]} {[%emt 00:00:05]} 5. Nc3 {[%clk 01:27:35]} {[%emt 00:00:45]}
Be7 {[%clk 01:31:45]} {[%emt 00:00:05]} 6. Bc4 {[%clk 01:19:59]} {[%emt
00:08:06]} O-O {[%clk 01:32:08]} {[%emt 00:00:07]} 7. O-O {[%clk 01:19:48]}
{[%emt 00:00:41]} c6 {[%clk 01:32:12]} {[%emt 00:00:26]} 8. a4 {[%clk
01:16:50]} {[%emt 00:03:29]} d5 {[%clk 01:23:58]} {[%emt 00:08:44]} 9. exd5
{[%clk 01:15:36]} {[%emt 00:01:43]} cxd5 {[%clk 01:24:23]} {[%emt 00:00:05]}
10. Be2 {[%clk 01:11:00]} {[%emt 00:05:07]} Nc6 {[%clk 01:22:54]} {[%emt
00:01:59]} 11. Bf3 {[%clk 01:08:34]} {[%emt 00:02:55]} Be6 {[%clk 01:03:02]}
{[%emt 00:20:22]} 12. Re1 {[%clk 01:04:18]} {[%emt 00:04:45]} Qd7 {[%clk
00:57:24]} {[%emt 00:06:10]} 13. Bg5 {[%clk 01:01:35]} {[%emt 00:03:12]} Rfe8
{[%clk 00:48:44]} {[%emt 00:09:10]} 14. a5 {[%clk 00:52:13]} {[%emt 00:09:52]}
h6 {[%clk 00:46:26]} {[%emt 00:02:47]} 15. Bh4 {[%clk 00:50:59]} {[%emt
00:01:44]} Rac8 {[%clk 00:44:35]} {[%emt 00:02:22]} 16. Ra4 {[%clk 00:44:52]}
{[%emt 00:06:37]} Nd8 {[%clk 00:40:16]} {[%emt 00:04:49]} 17. Ra1 {[%clk
00:37:28]} {[%emt 00:07:55]} Nc6 {[%clk 00:38:59]} {[%emt 00:01:46]} 18. Ra4
{[%clk 00:31:58]} {[%emt 00:06:00]} Nxd4 {[%clk 00:37:25]} {[%emt 00:02:04]}
19. Rxd4 {[%clk 00:31:02]} {[%emt 00:01:26]} Rc5 {[%clk 00:36:59]} {[%emt
00:00:56]} 20. Qa1 {[%clk 00:28:05]} {[%emt 00:03:27]} a6 {[%clk 00:34:27]}
{[%emt 00:03:03]} 21. Red1 {[%clk 00:22:59]} {[%emt 00:05:36]} Qc8 {[%clk
00:25:02]} {[%emt 00:09:55]} 22. R4d3 {[%clk 00:11:44]} {[%emt 00:11:44]} Bf5
{[%clk 00:13:27]} {[%emt 00:12:05]} 23. R3d2 {[%clk 00:10:01]} {[%emt
00:02:14]} Bd8 {[%clk 00:12:24]} {[%emt 00:01:32]} 24. Qa4 {[%clk 00:04:45]}
{[%emt 00:05:46]} Rc4 {[%clk 00:11:27]} {[%emt 00:01:27]} 25. Qxe8+ {[%clk
00:05:09]} {[%emt 00:00:06]} Nxe8 {[%clk 00:11:54]} {[%emt 00:00:03]} 26. Bxd8
{[%clk 00:05:33]} {[%emt 00:00:06]} Rxc3 {[%clk 00:06:17]} {[%emt 00:06:07]}
27. bxc3 {[%clk 00:05:29]} {[%emt 00:00:33]} Qxd8 {[%clk 00:06:44]} {[%emt
00:00:04]} 28. Rxd5 {[%clk 00:04:35]} Qf6 {[%clk 00:07:08]} {[%emt 00:01:30]}
29. Rd8 {[%clk 00:04:29]} {[%emt 00:00:36]} Kf8 {[%clk 00:06:05]} {[%emt
00:01:33]} 30. Bxb7 {[%clk 00:02:39]} {[%emt 00:02:20]} Bxc2 {[%clk 00:05:55]}
{[%emt 00:00:40]} 31. R1d4 {[%clk 00:02:38]} {[%emt 00:00:30]} Qe5 {[%clk
00:04:09]} {[%emt 00:02:16]} 32. g3 {[%clk 00:02:05]} {[%emt 00:01:04]} Qe1+
{[%clk 00:04:20]} {[%emt 00:00:19]} 33. Kg2 {[%clk 00:02:27]} {[%emt 00:00:08]}
Qxc3 {[%clk 00:04:41]} {[%emt 00:00:09]} 34. R4d6 {[%clk 00:01:54]} {[%emt
00:01:03]} Ba4 {[%clk 00:02:31]} {[%emt 00:02:40]} 35. Rc8 {[%clk 00:01:18]}
{[%emt 00:01:06]} Qxc8 {[%clk 00:02:21]} {[%emt 00:00:40]} 36. Bxc8 {[%clk
00:01:38]} {[%emt 00:00:10]} Nxd6 {[%clk 00:02:46]} {[%emt 00:00:05]} 37. Bxa6
{[%clk 00:02:03]} {[%emt 00:00:04]} Bc6+ {[%clk 00:02:46]} {[%emt 00:00:31]}
38. f3 {[%clk 00:02:24]} {[%emt 00:00:09]} Nb7 {[%clk 00:03:10]} {[%emt
00:00:06]} 39. Kh3 {[%clk 00:02:15]} {[%emt 00:00:38]} Bxf3 {[%clk 00:03:06]}
{[%emt 00:00:35]} 40. Kh4 {[%clk 00:02:42]} {[%emt 00:00:03]} Nxa5 {[%clk
00:03:12]} {[%emt 00:00:24]} 41. h3 {[%clk 00:03:07]} {[%emt 00:00:04]} g5#
{[%clk 00:02:59]} {[%emt 00:00:05]} 0-1

[Event "DVM U20 2021"]
[Site "Kiel GER"]
[Date "2022.07.24"]
[Round "3"]
[White "Woelk, Tom-Frederic"]
[Black "Meiwes, Thore"]
[Result "1-0"]
[Termination "normal"]
[Board "3.2"]
[WhiteTitle "FM"]
[WhiteElo "2314"]
[BlackElo "2105"]
[WhiteClock "00:08:08"]
[BlackClock "00:08:33"]
[WhiteTeam "Hamburger SK von 1830 eV"]
[BlackTeam "SK Lehrte von 1919 e. V."]
[PlyCount "79"]
[WhiteFideId "12993077"]
[BlackFideId "16201256"]
[EventCountry "GER"]
[EventRounds "7"]
[EventType "team-swiss"]
[EventDate "2022.07.22"]

1. e4 {[%clk 01:30:57]} {[%emt 00:00:02]} c5 {[%clk 01:30:38]} {[%emt
00:00:22]} 2. Nf3 {[%clk 01:31:21]} {[%emt 00:00:06]} Nc6 {[%clk 01:31:03]}
{[%emt 00:00:05]} 3. d4 {[%clk 01:31:48]} {[%emt 00:00:03]} cxd4 {[%clk
01:31:26]} {[%emt 00:00:07]} 4. Nxd4 {[%clk 01:32:15]} {[%emt 00:00:03]} g6
{[%clk 01:31:51]} {[%emt 00:00:06]} 5. Nc3 {[%clk 01:28:45]} {[%emt 00:03:59]}
Bg7 {[%clk 01:32:17]} {[%emt 00:00:03]} 6. Be3 {[%clk 01:29:12]} {[%emt
00:00:04]} Nf6 {[%clk 01:32:40]} {[%emt 00:00:07]} 7. Bc4 {[%clk 01:29:38]}
{[%emt 00:00:04]} O-O {[%clk 01:33:05]} {[%emt 00:00:05]} 8. Bb3 {[%clk
01:29:59]} {[%emt 00:00:10]} d6 {[%clk 01:33:30]} {[%emt 00:00:05]} 9. f3
{[%clk 01:30:13]} {[%emt 00:00:16]} Bd7 {[%clk 01:33:53]} {[%emt 00:00:06]} 10.
h4 {[%clk 01:29:55]} {[%emt 00:00:48]} h5 {[%clk 01:29:14]} {[%emt 00:05:10]}
11. Qd2 {[%clk 01:29:52]} {[%emt 00:00:33]} Ne5 {[%clk 01:29:31]} {[%emt
00:00:13]} 12. O-O-O {[%clk 01:27:42]} {[%emt 00:02:40]} Rc8 {[%clk 01:29:51]}
{[%emt 00:00:09]} 13. Bg5 {[%clk 01:23:42]} {[%emt 00:04:31]} Re8 {[%clk
01:26:48]} {[%emt 00:03:32]} 14. Kb1 {[%clk 01:16:07]} {[%emt 00:08:05]} Nc4
{[%clk 01:19:54]} {[%emt 00:07:24]} 15. Qe2 {[%clk 01:14:34]} {[%emt 00:02:04]}
Ne5 {[%clk 01:06:22]} {[%emt 00:14:00]} 16. f4 {[%clk 01:08:52]} {[%emt
00:06:13]} Bg4 {[%clk 00:58:02]} {[%emt 00:08:50]} 17. Nf3 {[%clk 01:07:43]}
{[%emt 00:01:39]} Nxf3 {[%clk 00:55:04]} {[%emt 00:03:29]} 18. gxf3 {[%clk
01:07:41]} {[%emt 00:00:32]} Be6 {[%clk 00:53:21]} {[%emt 00:02:13]} 19. Bxe6
{[%clk 01:03:06]} {[%emt 00:05:05]} fxe6 {[%clk 00:53:48]} {[%emt 00:00:03]}
20. e5 {[%clk 01:03:30]} {[%emt 00:00:05]} Nh7 {[%clk 00:50:30]} {[%emt
00:03:48]} 21. Rxd6 {[%clk 00:47:04]} {[%emt 00:16:56]} Qa5 {[%clk 00:40:03]}
{[%emt 00:10:57]} 22. Rd4 {[%clk 00:34:26]} {[%emt 00:13:08]} Qb6 {[%clk
00:31:55]} {[%emt 00:08:38]} 23. Qd3 {[%clk 00:33:33]} {[%emt 00:01:23]} Kf7
{[%clk 00:28:23]} {[%emt 00:04:02]} 24. Rd1 {[%clk 00:25:56]} {[%emt 00:08:07]}
Nf8 {[%clk 00:23:28]} {[%emt 00:05:25]} 25. Ne4 {[%clk 00:23:25]} {[%emt
00:03:00]} Rc6 {[%clk 00:23:03]} {[%emt 00:00:55]} 26. Qa3 {[%clk 00:22:30]}
{[%emt 00:01:26]} Qc7 {[%clk 00:20:59]} {[%emt 00:02:34]} 27. Qd3 {[%clk
00:13:23]} {[%emt 00:09:38]} Rc8 {[%clk 00:19:44]} {[%emt 00:01:44]} 28. c3
{[%clk 00:12:31]} {[%emt 00:01:22]} a6 {[%clk 00:17:30]} {[%emt 00:02:44]} 29.
Rd8 {[%clk 00:09:06]} {[%emt 00:03:51]} Rxd8 {[%clk 00:16:52]} {[%emt
00:01:13]} 30. Qxd8 {[%clk 00:07:51]} {[%emt 00:01:45]} Qxd8 {[%clk 00:17:16]}
{[%emt 00:00:06]} 31. Rxd8 {[%clk 00:08:19]} {[%emt 00:00:01]} Rc7 {[%clk
00:17:12]} {[%emt 00:00:34]} 32. Kc2 {[%clk 00:08:30]} {[%emt 00:00:19]} Kg8
{[%clk 00:15:25]} {[%emt 00:02:17]} 33. a4 {[%clk 00:07:50]} {[%emt 00:01:10]}
Kf7 {[%clk 00:15:26]} {[%emt 00:00:29]} 34. a5 {[%clk 00:08:04]} {[%emt
00:00:17]} Rd7 {[%clk 00:11:18]} {[%emt 00:04:37]} 35. Rc8 {[%clk 00:08:02]}
{[%emt 00:00:32]} Rd5 {[%clk 00:10:17]} {[%emt 00:01:31]} 36. b4 {[%clk
00:08:00]} {[%emt 00:00:33]} Nd7 {[%clk 00:09:57]} {[%emt 00:00:50]} 37. Rc7
{[%clk 00:08:00]} {[%emt 00:00:29]} Ke8 {[%clk 00:09:03]} {[%emt 00:01:24]} 38.
Rxb7 {[%clk 00:08:06]} {[%emt 00:00:24]} Bf8 {[%clk 00:08:25]} {[%emt
00:01:09]} 39. Ra7 {[%clk 00:07:47]} {[%emt 00:00:48]} Kd8 {[%clk 00:08:33]}
{[%emt 00:00:21]} 40. Rxa6 {[%clk 00:08:08]} {[%emt 00:00:10]} 1-0